000 00956nas a2200313 4500
001 BR2016004974
003 BR-BrBNA
005 20231205130728.0
007 ta
008 230509b bl.|||p| |||| 00| 00por d
040 _aBR-BrBNA
_bpor
_cBiblioteca Nacional de Agricultura
041 _a(En)
072 _aF30
100 1 _aGuilherme, S.R.
100 1 _aRodrigues, C.S.
100 1 _aBotelho, F.B.S.
100 1 _aZambiazzi, E.V.
100 1 _aSmiderle, E.C.
100 1 _aSouza, D.C.T.
245 1 _aAgronomic performance of common bean genotypes at Sinop, MT, Brazil
650 _aFEIJÃO
650 _aGENÓTIPO
650 _aVARIEDADE RESISTENTE
650 _aPRODUTIVIDADE
773 0 _tMagistra (Brazil)
_xISSN 2236-4420
_g(Apr-Jun 2015), v. 27(2) p. 284-290
_wBR2016004974
856 4 0 _uhttp://www2.ufrb.edu.br/magistra/documentos/category/11?download=10
909 _a202311
_bLúcia
_c55
_dLúcia Elande
942 _2AGRIS
_n0
_cANA
999 _c250896
_d250896